Planos inclinados : Rueda.
Guardado en:
| Formato: | |
|---|---|
| Series: | Educable
|
| Materias: | |
| Etiquetas: |
Agregar Etiqueta
Sin Etiquetas, Sea el primero en etiquetar este registro!
|
| LEADER | 00910ngm a22002415g 4500 | ||
|---|---|---|---|
| 001 | CEM.cems022459 | ||
| 008 | 130507b2000##################0###0#####d | ||
| 005 | 20241104155135.0 | ||
| 245 | 0 | 0 | |a Planos inclinados : |b Rueda. |
| 300 | |a 22'. | ||
| 490 | 0 | |a Educable | |
| 500 | |a En soporte VHS, consultar en ventanilla. | ||
| 505 | 0 | |a Distribución de las fuerzas en los planos inclinados. Utilización de las cuñas. Los planos inclinados enroscados. La rueda. Transmisión de la fuerza en la rueda. Utilización de la rueda para aplicar fuerza a un eje. | |
| 538 | |a Soporte: VHS - Norma: Pal N - Color: Si - Grabación DRD 2000 - Hitachi=2540 | ||
| 082 | 5 | 3 | |/ TVQ |
| 653 | |a FISICA | ||
| 653 | |a PLANO INCLINADO | ||
| 653 | |a FUERZA | ||
| 653 | |a RUEDA | ||
| 653 | |a CUÑAS | ||
| 653 | |a NIVEL PRIMARIO | ||
| 653 | |a NIVEL SECUNDARIO | ||
| 859 | |a CEMS |b BIB. CEMS - Depto. Recursos Didacticos |h 537 |i TVQ |k DRD |p 1102.12 |t Ej.1 | ||
